Central Library OPAC University of Rajshahi

কাশ বনের কন্যা / (Record no. 44009)

MARC details
000 -LEADER
fixed length control field 00853nam a2200229 a 4500
001 - CONTROL NUMBER
control field 44009
003 - CONTROL NUMBER IDENTIFIER
rucl marc code BD-RjUL
005 - DATE AND TIME OF LATEST TRANSACTION
control field 20211209053802.0
008 - FIXED-LENGTH DATA ELEMENTS--GENERAL INFORMATION
fixed length control field 160712s1957 bg a|||| |||| 00| p ben d
020 ## - INTERNATIONAL STANDARD BOOK NUMBER
Terms of availability : IRs. 3.50
035 ## - SYSTEM CONTROL NUMBER
System control number (BD-RjUL)44127
040 ## - CATALOGING SOURCE
Original cataloging agency BD-RjUL
Language of cataloging ben
Transcribing agency BD-RjUL
041 ## - LANGUAGE CODE
Language code of text/sound track or separate title ben
082 ## - DEWEY DECIMAL CLASSIFICATION NUMBER
Edition number 23
Classification number 891.443
Author mark and year SHK 1957
100 ## - MAIN ENTRY--PERSONAL NAME
Personal name শামসুদদীন, আবুল কালাম
9 (RLIN) 135181
245 10 - TITLE STATEMENT
Title কাশ বনের কন্যা /
Statement of responsibility, etc. আবুল কালাম শামসুদদীন
260 ## - PUBLICATION, DISTRIBUTION, ETC. (IMPRINT)
Place of publication, distribution, etc. ঢাকা :
Name of publisher, distributor, etc. ওসমানিয়া বুক ডিপো,
Date of publication, distribution, etc. ১৯৫৭ (১৩৬৪)
300 ## - PHYSICAL DESCRIPTION
Pagination [১৬], ২৯২ পৃ. :
Illustrations চিত্র ;
Size ১৭ সেমি.
650 ## - SUBJECT ADDED ENTRY--TOPICAL TERM
Topical term or geographic name as entry element বাংলা উপন্যাস
9 (RLIN) 135182
Topical term or geographic name as entry element Bengali Fiction
9 (RLIN) 135183
942 ## - ADDED ENTRY ELEMENTS (KOHA)
Source of classification or shelving scheme Dewey Decimal Classification
Koha item type Books
Holdings
Lost status Source of classification or shelving scheme Damaged status Not for loan Collection code Permanent Location Current Location Shelving location Date acquired Source of acquisition Cost, normal purchase price Total Checkouts Total Renewals Full call number Date last seen Date checked out Copy number Koha item type
  Dewey Decimal Classification     Fiction Central Library, University of Rajshahi Central Library, University of Rajshahi   21/12/1957 Nawroge kitabstan, Dhaka 3.80 2 1 B 891.443 SHK 1957 29/05/2024 26/05/2024 C-2 Books